=LDR 00000nam 2200000 4500 =001 000243 =005 20250711015731 =035 ##$$a 0010-0725000069 =007 ta =008 250711################a##########0#ind## =020 ##$$a 978-602-244-934-8 =100 #$$a Nurhidayati, Fajriatun =245 1#$$a Apa yang Lebih Seru? /$c Fajriatun Nurhidayati =250 ##$$a Cetakan Pertama =260 ##$$a Jakarta Selatan :$b Kementerian Pendidikan, Kebudayaan, Riset, dan Teknologi,$c 2022 =300 ##$$a 30 hlm. : $b ilus. ; $c 22,9 x 22,9 cm =856 ##$$a TBM As Suhada =082 ##$$a 398.209 598 =084 ##$$a 398.209 598 NUR a =650 #4$$a Literasi-Bahan Bacaan =990 ##$$a TBM202500055